|
|
|
|
| LEADER |
01850nam a2200529 a 4500 |
| 001 |
nkc20081831341 |
| 003 |
CZ PrNK |
| 005 |
20090626112936.0 |
| 007 |
ta |
| 008 |
090428s2008 xr e f 000 0 cze |
| 015 |
|
|
|a cnb001831341
|
| 020 |
|
|
|a 978-80-213-1853-3
|q (brož.)
|
| 035 |
|
|
|a (OCoLC)403629936
|
| 040 |
|
|
|a ABA001
|b cze
|
| 043 |
|
|
|a e-xr---
|
| 072 |
|
7 |
|a 53
|x Fyzika
|2 Konspekt
|9 6
|
| 080 |
|
|
|a 53
|2 MRF
|
| 080 |
|
|
|a 378.6:63
|2 MRF
|
| 080 |
|
|
|a 37.091.212.2
|2 MRF
|
| 080 |
|
|
|a (437.3)
|2 MRF
|
| 080 |
|
|
|a (035)
|2 MRF
|
| 080 |
|
|
|a (079.1)
|2 MRF
|
| 100 |
1 |
|
|a Sedláček, Jan
|7 xx0040325
|4 aut
|
| 245 |
1 |
0 |
|a Fyzika :
|b požadavky k přijímací zkoušce /
|c Jan Sedláček, Vladimír Roubík
|
| 246 |
1 |
|
|i Název v tiráži:
|a Fyzika - požadavky k přijímací zkoušce
|
| 250 |
|
|
|a 1. vyd.
|
| 260 |
|
|
|a Praha :
|b Česká zemědělská univerzita,
|c 2008
|
| 300 |
|
|
|a 19 s. ;
|c 23 cm
|
| 500 |
|
|
|a Nad názvem: Česká zemědělská univerzita v Praze, Technická fakulta, katedra fyziky
|
| 500 |
|
|
|a 2000 výt.
|
| 650 |
0 |
7 |
|a fyzika
|7 ph114601
|2 czenas
|
| 650 |
0 |
7 |
|a vysoké zemědělské školy
|7 ph135549
|z Česko
|2 czenas
|
| 650 |
0 |
7 |
|a přijímací zkoušky
|7 ph124916
|z Česko
|2 czenas
|
| 650 |
0 |
9 |
|a physics
|2 eczenas
|
| 650 |
0 |
9 |
|a agricultural universities
|2 eczenas
|
| 650 |
0 |
9 |
|a entrance examinations
|2 eczenas
|
| 655 |
|
7 |
|a příručky
|7 fd133209
|2 czenas
|
| 655 |
|
7 |
|a testy
|7 fd133697
|2 czenas
|
| 655 |
|
9 |
|a handbooks and manuals
|2 eczenas
|
| 655 |
|
9 |
|a tests
|2 eczenas
|
| 700 |
1 |
|
|a Roubík, Vladimír
|7 jx20040616052
|4 aut
|
| 710 |
2 |
|
|a Česká zemědělská univerzita v Praze.
|b Katedra fyziky
|7 kn20031204006
|
| 910 |
2 |
|
|a BOA001
|b 2-1223.258
|
| 990 |
|
|
|a BK
|
| 995 |
|
|
|a 01
|
| 991 |
|
|
|b 200905
|c NOV
|
| 996 |
6 |
|
|b 2610375702
|c 2-1223.258
|l MZK
|r Sklad / do 1 hodiny
|n 0
|p p.v.
|w 000934230
|u 000010
|a 1
|e BOA001
|j MZK50
|s P
|